| 000 | 00428nam a2200157Ia 4500 | ||
|---|---|---|---|
| 003 | IQ-KOUCL | ||
| 041 | _aKurdish | ||
| 082 | _a891,072 cut-322 ك | ||
| 100 | _a20260118u\\\\\\\\\\\y0engy0103\\\\ba | ||
| 100 | _aمحەمەد گۆران | ||
| 245 | 0 | _aکچانى مەکتەب لە سەدەى ڕابردوودا | |
| 250 | _aچ1 | ||
| 260 |
_bجابخابەى شەهاب _aهەولیر _c2023 |
||
| 300 | _a110 | ||
| 942 | _cBk | ||
| 999 |
_c186949 _d186949 |
||